01366nam a2200313 a 4500001001000000003000900010005001700019008004100036020001500077040002500092082002800117100004100145240005700186245011800243250001200361260004000373300002100413490003000434500007000464504003100534590007600565651004400641651004100685700003800726910003700764942001400801952022000815999001701035000034979DO-SdBNP20231121093204.0111024s1982 sp 000 0 spa d a8420620904 aDO-SdBNPbspacBNPHU 4a330.94bH689h, 19822221 aHodgett, Gerald Augustus John9605781 aSocial and economic history of medieval Europe,lspa10aHistoria social y económica de la Europa medieval /cGerald A. J. Hodgett ; traducción, Javier Faci Lacasta. a5a. ed. aMadrid :bAlianza Editorial,c1982. a246 p. ;c20 cm.0 aAlianza Universidad ;v90 aTít. original: A social and economic history of medieval Europe aBibliografía: p. 233-246 aPerteneció a la biblioteca personal de Juan Isidro Jimenes Grullón. 4aEuropaxCondiciones económicas960579 4aEuropaxCondiciones sociales9605801 aFaci Lacasta, Javier,etr.960581 aValidado. Control de calidad MFF 2ddccLBS1 00102ddc56708GRaBNPHUbBNPHUcHDd2011-10-24iLF1l0oBNPHU GR 330.94 H689h, 1982p34979-10r2020-06-25w2020-06-25yLBS1zPerteneció a la biblioteca personal de Juan Isidro Jiménes GrullónZNo se presta c34470d34470